000
00310nam a22001457a 4500
008
210521b ||||| |||| 00| 0 eng d
020
_a
753849085096
041
_a
eng
080
_a
616.8
082
_a
616.8
100
_a
7
101
_a
TRU
245
_a
The Forebrain
_c
Elizabeth Tully
942
_2
udc
_c
BK
999
_c
57567
_d
57567